Profits and wage determination an empirical study of Swedish manufacturing
Gespeichert in:
| 1. Verfasser: | |
|---|---|
| Format: | Buch |
| Sprache: | Englisch |
| Veröffentlicht: |
Stockholm
Federation of Swedish Industries
1974
|
| Ausgabe: | 2nd, unrevised ed. |
| Tags: |
Keine Tags, Fügen Sie das erste Tag hinzu!
|
MARC
| LEADER | 00000nam a2200000 4500 | ||
|---|---|---|---|
| 001 | 0222891 | ||
| 005 | 20240822101702.5 | ||
| 041 | 0 | |a eng | |
| 044 | |a SE | ||
| 245 | 1 | 0 | |a Profits and wage determination an empirical study of Swedish manufacturing |c Gunar Eliasson |
| 250 | |a 2nd, unrevised ed. | ||
| 264 | 1 | |a Stockholm |b Federation of Swedish Industries |c 1974 | |
| 300 | |a 114 s. | ||
| 100 | 1 | |a Eliasson, Gunar | |